000 00667nam a2200265Ia 4500
003 OSt
005 20220918213757.0
006 a|||||r|||| 00| 0
007 ta
008 220917b |||||||| |||| 00| 0 eng d
024 _a134,250
037 _cTextual
040 _aARTS
_cARTS
_beng
041 _2eng
_aeng
082 _aX:97D, K8
100 _aFlanders Allen
_9128401
245 0 _aTrade unions
250 _a7th
260 _aLondon
_bHutehinson University Press
_c1968
300 _a212p.
_ccm.
500 _aAppendices p177-185
650 _aECONOMICS
942 _hX:97D, K8
_cTEXL
_2CC
999 _c257354
_d257354